Polyfunkčný bytový dom - Nové PKO, Bratislava

Gespeichert in:
Bibliographische Detailangaben
1. Verfasser: Kolesárová, Ivona, 1990- (Verfasst von)
Weitere Verfasser: Bacová, Andrea, 1962- (Betreuung Doktorarbeit)
Format: Manuskript Buch
Sprache:Slowakisch
Veröffentlicht: Bratislava 2015
Schlagworte:
Online-Zugang:http://is.stuba.sk/zp/portal_zp.pl?podrobnosti=112104
Tags: Tag hinzufügen
Keine Tags, Fügen Sie das erste Tag hinzu!

MARC

LEADER 00000ntm a22000003a 4500
001 stuzp51916
003 SK-STU
005 20210308103843.5
007 ta
008 150427s2015----xo-----f-mn---000-0-slo-d
040 |a STU  |b slo 
041 0 |a slo 
100 1 |a Kolesárová, Ivona,  |d 1990-  |u 051110  |4 aut  |U FAD Fakulta architektúry a dizajnu  |U FAD Fakulta architektúry  |T FA Ústav architektúry obytných budov  |X 68164  |U A1110  |Y 392  |7 A000068164 
242 0 1 |a Mixed use residential building - New PKO, Bratislava  |y eng 
245 1 0 |a Polyfunkčný bytový dom - Nové PKO, Bratislava 
260 |c 2015  |a Bratislava 
650 4 |a nové PKO  |2 slo 
650 4 |a nábrežie  |2 slo 
650 4 |a bytový dom  |2 slo 
650 4 |a new PKO  |2 eng 
650 4 |a waterfront  |2 eng 
650 4 |a residential building  |2 eng 
700 1 |a Bacová, Andrea,  |d 1962-  |4 ths  |X 354  |7 A000000354 
856 4 |u http://is.stuba.sk/zp/portal_zp.pl?podrobnosti=112104  |u https://opac.crzp.sk/?fn=detailBiblioForm&sid=A7BD2F096A49022F25C99837FE46 
SQL |a stuzp51916  |b DDP  |c SLO  |d Polyfunkčný bytový dom - Nové PKO, Bratislava  |e 68164  |f Kolesárová, Ivona  |g 051110  |h 354  |i Bacová, Andrea  |j 20150604  |k 153  |l 05  |m http://is.stuba.sk/zp/portal_zp.pl?podrobnosti=112104  |n I-ARCH  |o 5.1.1. architektúra a urbanizmus